00377nam a2200121Ia 4500082001200000100002100012245004900033260003300082300000800115650005500123650005600178710002100234 aTC.0033 aChatterjee, Lata 0aRural urban relationship in Burdwan district c1969bUniversity of Calcutta a195 aUrban impact analysizIndiazBurdwan (West Bengal) aRural urban migrationzIndiazBurdwan (West Bengal) aChatterjee, S.P.